Gaziantep FK Squad 2023-2024 - Statistics

General Stats
  • This quiz has been taken 10 times
    6 since last reset
  • The average score is 17 of 41
Answer Stats
# Position Nation Player % Correct
44 MF Romania Alexandru Maxim
83%
70 FW Romania Denis Drăguş
83%
97 FW Switzerland Albian Ajeti
67%
4 DF Turkey Arda Kızıldağ
67%
19 GK Turkey Batuhan Şen
67%
94 FW Colombia Brayan Riascos
67%
33 GK Romania Florin Niță
67%
3 DF Senegal Papy Djilobodji
67%
- Coach Turkey Selçuk İnan
67%
6 MF Honduras Bryan Acosta
50%
18 FW Romania Deian Sorescu
50%
23 MF Cape Verde Jamiro Monteiro
50%
50 FW Serbia Lazar Marković
50%
- Coach Romania Marius Șumudică
50%
10 FW Ivory Coast Max Gradel
50%
24 DF Algeria Naoufel Khacef
50%
7 FW Kosovo Valmir Veliu
50%
7 FW Senegal Aliou Badji
33%
91 MF Turkey Bahadır Gölgeli
33%
1 GK Turkey Burak Bozan
33%
15 DF Turkey Ertuğrul Ersoy
33%
71 GK Turkey Halil Bağcı
33%
9 FW Turkey İlker Karakaş
33%
12 MF Guinea-Bissau Janio Bikel
33%
13 DF Brazil Júnior Morais
33%
80 MF North Macedonia Luka Stankovski
33%
26 FW Turkey Mirza Cihan
33%
11 FW Turkey Mustafa Eskihellaç
33%
63 DF Cameroon Nicolas N'Koulou
33%
22 DF France Salem M'Bakata
33%
2 DF Germany Berkan Küpelikılınç
17%
- Coach Turkey Erdal Güneş
17%
5 MF Turkey Furkan Soyalp
17%
8 MF Serbia Marko Jevtović
17%
93 FW Turkey Mehmet Kuzucu
17%
23 FW Turkey Oğulcan Çağlayan
17%
61 MF Turkey Ogün Özçiçek
17%
27 DF Turkey Ömürcan Artan
17%
90 DF Turkey Onur Başyiğit
17%
30 MF Austria Onurhan Babuscu
17%
35 DF Turkey Ulaş Zengin
17%
No matching quizzes found
Score Distribution
Percent of People with Each Score
Percentile by Number Answered
Your Score History
You have not taken this quiz since the last reset